000
00316nam a22001337a 4500
008
181020b xxu||||| |||| 00| 0 eng d
020
_a
0632087102
041
_a
eng
080
_a
616-053.2
100
_a
8
101
_a
ORT
245
_a
Heritable Disorders in Orthopaedic Practice
_c
Davies, R.W
942
_2
udc
_c
BK
999
_c
50317
_d
50317